000 00366nam a2200121Ia 4500
008 220214s9999 xx 000 0 und d
245 0 _aAerial spraying assessment report-Rubber, 1965: Control of Phytophthora palmivora
260 _bAerial Spraying Assessment Report
_c1965
300 _a5-Jan
650 _aControl
650 _aPhytophthora palmivora
942 _cRE
999 _c45465
_d45465